Centro de Investigaciones y Servicios Educativos / (Record no. 7405)

MARC details
000 -CABECERA
campo de control de longitud fija 00781nam a2200169 a 4500
005 - FECHA Y HORA DE LA ÚLTIMA TRANSACCIÓN
campo de control 20210219150110.0
008 - ELEMENTOS DE LONGITUD FIJA--INFORMACIÓN GENERAL
campo de control de longitud fija 991125s1981 mx 000 0 spa u
035 ## - NÚMERO DE CONTROL DEL SISTEMA
Número de control de sistema UPN01000007405
049 ## - COLECCIÓN
Colección F
050 #4 - SIGNATURA TOPOGRÁFICA DE LA BIBLIOTECA DEL CONGRESO
Número de clasificación LE7.2931 U265
Número de documento/Ítem U53.2g 1981
110 2# - ASIENTO PRINCIPAL--NOMBRE CORPORATIVO
Nombre de entidad corporativa o nombre de jurisdicción como elemento de entrada Universidad Nacional Autónoma de México.
Unidad subordinada Centro de Investigaciones y Servicios Educativos
245 10 - MENCIÓN DE TÍTULO
Título Centro de Investigaciones y Servicios Educativos /
Mención de responsabilidad, etc. Universidad Nacional Autónoma de México, Centro de Investigaciones y Servicios Educativos.
260 ## - PUBLICACIÓN, DISTRIBUCIÓN, ETC.
Lugar de publicación, distribución, etc. México :
Nombre del editor, distribuidor, etc. UNAM, Centro de Investigaciones y Servicios Educativos,
Fecha de publicación, distribución, etc. 1981.
300 ## - DESCRIPCIÓN FÍSICA
Extensión 66 p., [3] h. pleg. :
Otras características físicas il.
610 24 - ASIENTO SECUNDARIO DE MATERIA - NOMBRE CORPORATIVO
Nombre de entidad corporativa o nombre de jurisdicción como elemento de entrada UNIVERSIDAD NACIONAL AUTONOMA DE MEXICO.
Unidad subordinada CENTRO DE INVESTIGACIONES Y SERVICIOS EDUCATIVOS -
Subdivisión de forma PLANES Y PROGRAMAS
905 ## - TIPO DE MATERIAL
Tipo de material Libro
Holdings
Estado de retiro Estado de pérdida Fuente del sistema de clasificación o colocación Estado dañado No para préstamo Código de colección Localización permanente Ubicación/localización actual Ubicación en estantería Fecha de adquisición Clasificación Código de barras Fecha visto por última vez Número de copia Tipo de ítem Koha
    Library of Congress Classification   Disponible (Préstamo en sala) Folletería Bib. Gregorio Torres Quintero Bib. Gregorio Torres Quintero Colecciones especiales Planta alta 04/05/2023 LE7.2931 U265 U53.2g 1981 41934 31/12/2020 1 Folleto